Vista normal
Vista MARC
Entrada Corporate Name
Número de registros utilizados en: 2
001 - CONTROL NUMBER
- control field: 37464
003 - CONTROL NUMBER IDENTIFIER
- control field: OSt
005 - DATE AND TIME OF LATEST TRANSACTION
- control field: 20210506002714.0
008 - FIXED-LENGTH DATA ELEMENTS
- fixed length control field: 210506|| aca||aabn | a|a d
040 ## - CATALOGING SOURCE
- Original cataloging agency: OSt
- Transcribing agency: OSt
110 ## - HEADING--CORPORATE NAME
- Corporate name or jurisdiction name as entry element: Cooperativa de Trabajadores de la Hacienda Pública y la Dirección de Impuestos y Aduanas Nacionales
670 ## - SOURCE DATA FOUND
- Source citation: Work cat.: (OSt)7825: 15561, Fundamentos básicos de economía solidaria /, 2007